01381nab a2200409 i 450000100060000000300080000600500170001400600190003100700150005000800410006502200140010603500210012004000310014105000200017208000110019208200150020310000240021824500590024226400310030130000390033231000140037133600310038533700330041633800430044936200330049258801230052565000260064865000120067465000270068665100440071365100440075765100210080165100190082265500320084177300360087385600620090955702FlNmELB20241216232801.0m o d | cr cnu||||||||140701c20139999sp er p o 0 b0eng d a2013-4428 a(OCoLC)949112314 aFINmELBbspaerdacFINmELB 4aK930bP154 2013 a3416750 a3271742231 aPalat, Ravi Arvind.12aA fog of myths about North Korea /cRavi Arvind Palat. 1aBarcelona :bCIDOB,c2013. a1 recurso en línea (4 páginas) aQuincenal atextobtxt2rdacontent/spa acomputadorabc2rdamedia/spa arecurso en líneabcr2rdacarrier/spa0 anúmero 72 (april) (2013) - aDescripción basada en recurso en línea; Título de la página del título en PDF (e-libro, visto July 1, 2014). 0aNuclear arms control. 4aCrimen. 4aRelaciones exteriores. 0aKorea (North)xRelationszKorea (South) 0aKorea (South)xRelationszKorea (North) 4aCorea del Norte. 4aCorea del Sur. 4aArtículos electrónicos.0 tNotes Internationalsx2013-442840uhttps://elibro.net/ereader/politecnicointernacional/32832